HARVARD BUSINESS REVIEW ON NEGOTIATION A (Record no. 2749)

MARC details
000 -LEADER
fixed length control field 00370nam a2200133Ia 4500
008 - FIXED-LENGTH DATA ELEMENTS--GENERAL INFORMATION
fixed length control field 240624s9999 xx 000 0 und d
041 ## - LANGUAGE CODE
Language code of text/sound track or separate title eng
082 ## - DEWEY DECIMAL CLASSIFICATION NUMBER
Classification number 658.405 HAR
100 ## - MAIN ENTRY--PERSONAL NAME
Personal name HARVARD BUSINESS REVIEW
245 ## - TITLE STATEMENT
Title HARVARD BUSINESS REVIEW ON NEGOTIATION A
260 ## - PUBLICATION, DISTRIBUTION, ETC.
Date of publication, distribution, etc. 2000
Place of publication, distribution, etc. Boston
Name of publisher, distributor, etc. Harvard Businesss School Press
300 ## - PHYSICAL DESCRIPTION
Extent v, : 228 : p. : cm. ; 20
365 ## - TRADE PRICE
Currency code
Holdings
Withdrawn status Lost status Damaged status Not for loan Home library Current library Shelving location Date acquired Source of acquisition Cost, normal purchase price Total Checkouts Total Holds Full call number Barcode Date due Date last seen Date last checked out Copy number Price effective from Koha item type
        IMTN IMTN Rack 30-A 11/17/2005 AP 19.50 1 2805 658.405 HAR 2749 07/26/2025 01/27/2025 01/27/2025 1 06/24/2024 Books
Designed & Maintained by: LRC IMT Nagpur Contact: lrc@imtnag.ac.in© 2024. All Rights Reserved.